Química general / (Record no. 37070)

MARC details
000 -LEADER
campo de control de longitud fija 00774nam a2200205 i 4500
001 - NÚMERO DE CONTROL
campo de control 37070
003 - IDENTIFICADOR DE NÚMERO DE CONTROL
campo de control ES-MaACL
005 - FECHA Y HORA DE LA ÚLTIMA TRANSACCIÓN
campo de control 20230906155510.0
007 - CAMPO FIJO DE DESCRIPCIÓN FÍSICA--INFORMACIÓN GENERAL
campo de control de longitud fija t|
008 - DATOS DE LONGITUD FIJA--INFORMACIÓN GENERAL
campo de control de longitud fija 030220s1964 sp ||||1| spa d
100 1# - ENTRADA PRINCIPAL--NOMBRE DE PERSONA
Nombre de persona Bruni, Giuseppe.
9 (RLIN) 32182
245 10 - MENCIÓN DEL TÍTULO
Título Química general /
Mención de responsabilidad, etc. Giuseppe Bruni ; XII edición [italiana] recopilada y corregida por Giorgio Renato Levi y Mario Alberto Rollier ; traducción por Fernando Fernández Porras.
260 ## - PUBLICACIÓN, DISTRIBUCIÓN, ETC.
Lugar de publicación, distribución, etc. Barcelona, etc. :
Nombre del editor, distribuidor, etc. Ed. Hispano Americana,
Fecha de publicación, distribución, etc. [1964]
300 ## - DESCRIPCIÓN FÍSICA
Extensión XXIV, 391 p. :
Otras características físicas il. ;
Dimensiones 24 cm.
700 1# - ENTRADA AGREGADA--NOMBRE PERSONAL
Nombre de persona Levi, Giorgio Renato.
9 (RLIN) 71950
700 1# - ENTRADA AGREGADA--NOMBRE PERSONAL
Nombre de persona Rollier, Mario Alberto.
9 (RLIN) 99188
700 1# - ENTRADA AGREGADA--NOMBRE PERSONAL
Nombre de persona Fernández Porras, Fernando.
9 (RLIN) 50007
852 ## - LOCALIZACIÓN
Ubicación ES-MaACL
Número de control de estantería C-27181
Sublocalización o colección R.56126
852 ## - LOCALIZACIÓN
Ubicación ES-MaACL
Número de control de estantería C-26709
Sublocalización o colección R.55908
Holdings
Estatus retirado Estado de pérdida Estado de daño No para préstamo Biblioteca de origen Biblioteca actual Ubicación en estantería Fecha de adquisición Fuente de adquisición Total de préstamos Signatura topográfica completa Código de barras Visto por última vez Precio de reemplazo Tipo de ítem Koha
        Biblioteca del Ateneo de Madrid Biblioteca del Ateneo de Madrid Depósito 2 17/01/2008     C-26709 1039001 23/02/2023 23/02/2023 Libro impreso
        Biblioteca del Ateneo de Madrid Biblioteca del Ateneo de Madrid Depósito 2 17/01/2008     C-27181 1039000 23/02/2023 23/02/2023 Libro impreso